|
|
|
|
| LEADER |
00856cam a2200217 7i4500 |
| 001 |
0000037671 |
| 005 |
20170218090000.0 |
| 020 |
|
|
|a 9781598639032 (pbk.)
|
| 020 |
|
|
|a 159863903X (pbk.)
|
| 090 |
0 |
0 |
|a TR263.C6
|b B83 2009
|
| 100 |
1 |
|
|a Busch, David D
|
| 245 |
1 |
0 |
|a David Busch's Canon Eos Rebel XS/1000D guide to digital SLR photography
|c David D. Busch.
|
| 246 |
3 |
|
|a Canon Eos Rebel Xs/1000 guide to digital SLR photography.
|
| 260 |
|
|
|a Boston, Mass.:
|b Course Technology PTR,
|c 2009.
|
| 300 |
|
|
|a xix, 306 p.:
|b col. ill.;
|c 24 cm.
|
| 650 |
0 |
0 |
|a Single-lens reflex cameras
|
| 650 |
0 |
0 |
|a Photography --
|x Digital techniques
|
| 650 |
0 |
0 |
|a Canon digital cameras
|
| 997 |
|
|
|a Communication, Visual Art & Computing, Faculty
|b Visual Art, Department
|
| 998 |
|
|
|a Photographic Technology, Diploma
|
| 999 |
|
|
|a 0000044337
|b BOK
|c OPEN SHELF
|e 2nd Floor, Bestari Jaya
|